000 01355nam a2200229 a 4500
005 20241212134110.0
008 230622s2016||||ag gr |||| f|spa d
010 _a
020 _a9789877390513
022 _y
041 _aspa
092 _c808
_l8
_sBON
100 1 _aBonellli, Florencia
_94163
245 _aMe llaman Artemio Furia II /
_cFlorencia Bonelli
250 _a1a ed.
260 _aBuenos Aires:
_bSuma de letras;
_c2016.
300 _a320 p.
_b21x13 cm.
500 _aBonelli, F. (2016). Me llaman Artemio Furia II. (1a ed.). Buenos Aires : Suma de letras.
505 _aBuenos Aires, 1810. Artemio Furia es un gaucho cuyo nombre se pronuncia con respeto y temor en todas las esferas de la sociedad. Entre 1806 y 1807, sus centauros y él sirvieron en los ejércitos de Juan Martín de Pueyrredón para expulsar a los ingleses. Su influencia entre los paisanos es decisiva. Cuando palpita la Revolución de Mayo, la facción patriótica lo convoca para luchar por la libertad. Contar con las huestes del gaucho Furia puede significar la victoria. En medio de estas intrigas políticas, el pasado oscuro y trágico de Artemio Furia se hace presente y el honor lo obliga a hacerle frente con la venganza. En esta batalla, podrá perder algo más que la vida. Podrá perder el amor.
655 _aLiteratura
_92917
942 _2ddc
_cLIT
999 _c3223
_d3223